000 01499nam a2200253Ia 4500
003 Ost
005 20260507075003.0
008 260507s9999||||xx |||||||||||||| ||und||
020 _a97899577047
040 _cfsecg
041 _aara
082 _a658
100 _aالبلداوي، عبد الحميد عبد المجيد
_eمؤلف
245 0 _aالأساليب الكمية التطبيقية في إدارة الأعمال :
_bالتالف العلمي الثلاثي -الإدارة-بحوث العمليات-الإحصاء /
_c عبد الحميد عبد المجيد البلداوي
260 _aعمان:
_bدار وائل للنشر والتوزيع,
_c2008
300 _a261 صفحة؛
_c24 سم
504 _aبيبليوغرافيا: ص. 259
520 _aيضم البرمجة الخطية ، مشكلة النقل ، مشكلة التخصيص ، التحليل الشبكي ، البرمجة الدينامكية ، مبادئ عامة في الاحتمالات ، نظرية صفوف الانتظار ، نظرية الالعاب سلاسل ماكروف ،نظرية القرارات الادارية ، نماذج المخزون ، السلاسل الزمنية وبناء التوقعات المستقبلية ، خرائط المراقية.
653 _aإدارة الأعمال
653 _aالإحصاء التطبيقي
653 _aبحوث العمليات
700 _aالحميدي، نجم عبد الله
_eمؤلف ثانوي
942 _cكتاب
999 _c42088
_d42088